000 00672nam a2200217 i 4500
001 34754
003 ES-MaACL
005 20230906155006.0
007 t|
008 030207s1947 sp ||||1| spa d
100 1 _aBoivin, André.
_929883
245 1 4 _aLos microbios /
_cAndré Boivin ; versión española de Carlos del Rivero.
250 _a[1ª ed. española].
260 _aBarcelona, etc. :
_bSalvat,
_c[1947] (
_fTip. Catalana)
300 _a149 p. :
_bil. ;
_c18 cm.
490 1 _aSurco. Serie F ;
_v15
700 1 _aRivero, Carlos del.
_997677
830 0 _aSurco. Serie F ;
_v15
_9229512
852 _aES-MaACL
_jC-4884
_bR.25374
999 _c34754
_d34754